| 000 | 00428cam a2200157ua 4500 | ||
|---|---|---|---|
| 020 | _a9780070260641 | ||
| 082 |
_a621.47 _bSUK/SO |
||
| 100 |
_aSukhatme, Suhas P . _9748 |
||
| 100 |
_aNayak, J.K _9749 |
||
| 245 | _aSolar Energy: Principles of Thermal Collection and Storage | ||
| 250 | _a2 / 3 | ||
| 260 |
_aNew Delhi : _bMcGraw Hill Education (India) Private limited _c2014 |
||
| 300 | _a431 | ||
| 500 | _a* CSS | ||
| 942 | _cBK | ||
| 999 |
_c7169 _d7169 |
||